Statistics for U.S Cities by Picture

Click here to take the quiz!

General Stats

  • This quiz has been taken 57 times
  • The average score is 16 of 18

Answer Stats

Answer% Correct
New York City
100%
Las Vegas
98%
Miami
98%
Seattle
98%
Washington D.C
98%
Boston
96%
Chicago
94%
Los Angeles
90%
New Orleans
87%
Dallas
85%
Philadelphia
85%
San Francisco
83%
Saint Louis
81%
Honolulu
79%
San Antonio
79%
Denver
77%
Atlanta
73%
Salt Lake City
63%

Score Distribution

Percentile by Number Answered

Percent of People with Each Score

Your Score History

You have not taken this quiz